000 00880nam a2200265Ia 4500
003 OSt
005 20221005062139.0
006 a|||||r|||| 00| 0
007 ta
008 221004b |||||||| |||| 00| 0 eng d
020 _a9780415560580 (hbk)
_c5258.25
024 _a104054
037 _b1620, 27/12/2010, Channel Publications
_cTextual
040 _aCRL
_cCRL
_beng
041 _2eng
_aeng
082 _aV1:19(zP).P1, Q0
100 _aLarrinaga Miguel de Ed.
_9601479
245 0 _aSecurity and global governmentality
_b Globalization, governance and the state
260 _aLondon
_bRoutledge UK
_c2010
300 _ax, 175p.
_ccm.
650 _aHISTORY
700 _a Doucet Marc G.
_9601480
942 _hV1:19(zP).P1, Q0
_cTEXL
_2cc
999 _c969243
_d969243